000 00348nam a2200145Ia 4500
005 20251222151306.0
008 251222s9999||||xx |||||||||||||| ||spa||
020 _a842612867X
082 _a813.52/P12/1995
100 _aPackard, Frank L.
245 0 _aDe Ahora en Adelante
250 _a1a. ed.
264 _bEditorial Juventud
942 _cLIB
999 _c23186
_d23186